A strange prophecie, against bishops, prelates, and all other priests, which have not kept the faithfull order of priesthood; : and also against the transgressors of righteousnesse in these times. Together with the downe-fall and destruction of poperie, and the ruine of Romes monarchall and tyrannicall government. Prophetically declared, that in the yeares 1641, 1642, and 1643. the reformed churches in these westerne islands, should (both King and people) joyne with a religious consent to abolish them out of the Church. Written by Hilgard a nunne, 1558. and since preserved by an antiquary in this kingdome, and now published for the instruction of the Church of England.

Bibliographic Details
Main Author: Hilgard, a nun
Format: eBook
Language:English
Published: London : Printed for John Thomas, 1641.
Series:Early English books online.
Subjects:
Online Access:Connect to the full text of this electronic book

MARC

Tag First Indicator Second Indicator Subfields
LEADER 00000nam a2200000 4500
001 in00004283213
005 20200813083242.0
006 m g d
007 cr bn |||a|bb|
008 940929s1641 enk o 00| | eng d
035 |a (UnM)99871329 
037 |a CL0051000001  |b ProQuest Information and Learning. 300 N. Zeeb Rd., Ann Arbor, MI 48106 
040 |a Cu-RivES  |c Cu-RivES  |d CStRLIN  |e dcrb  |d WaOLN 
100 0 |a Hilgard,  |c a nun. 
245 1 2 |a A strange prophecie, against bishops, prelates, and all other priests, which have not kept the faithfull order of priesthood; :  |b and also against the transgressors of righteousnesse in these times. Together with the downe-fall and destruction of poperie, and the ruine of Romes monarchall and tyrannicall government. Prophetically declared, that in the yeares 1641, 1642, and 1643. the reformed churches in these westerne islands, should (both King and people) joyne with a religious consent to abolish them out of the Church. Written by Hilgard a nunne, 1558. and since preserved by an antiquary in this kingdome, and now published for the instruction of the Church of England. 
260 |a London :  |b Printed for John Thomas,  |c 1641. 
300 |a 1 online resource ([8] pages) 
336 |a text  |b txt  |2 rdacontent 
337 |a computer  |b c  |2 rdamedia 
338 |a online resource  |b cr  |2 rdacarrier 
500 |a Signatures: A⁴. 
500 |a Reproduction of the original in the British Library. 
510 4 |a Wing (2nd edition)  |c H1983. 
510 4 |a Thomason  |c E.134[2]. 
533 |a Electronic reproduction.  |b Ann Arbor, Mich. :  |c UMI,  |d 1999-  |f (Early English books online)  |n Digital version of: (Thomason Tracts ; 24:E134[2])  |7 s1999 miun s 
650 0 |a Episcopacy  |v Controversial literature  |v Early works to 1800. 
650 0 |a Prophecies  |v Early works to 1800. 
830 0 |a Early English books online. 
856 4 0 |u http://proxy.library.tamu.edu/login?url=https://search.proquest.com/docview/2240939544  |z Connect to the full text of this electronic book  |t 0 
999 f f |s c1b8bbfe-a9b3-3b23-b60e-915a83feb41f  |i df14ac49-f4f2-30ef-8304-4db17a55dfd5  |t 0 
952 f f |a Texas A&M University  |b College Station  |c Electronic Resources  |d Available Online  |t 0  |h No information provided 
998 f f |t 0  |l Available Online